Christopher Nolan Movies Quiz - Statistics

General Stats
  • This quiz has been taken 282 times
    262 since last reset
  • The average score is 9 of 11
Answer Stats
Year Star Movie % Correct
2008 Heath Ledger The Dark Knight
98%
2010 Leonardo DiCaprio Inception
97%
2014 Matthew McConaughey Interstellar
97%
2005 Christian Bale Batman Begins
90%
2020 John David Washington Tenet
90%
2017 Harry Styles Dunkirk
89%
2012 Christian Bale The Dark Knight Rises
89%
2000 Guy Pearce Memento
88%
2006 Hugh Jackman The Prestige
86%
2002 Al Pacino Insomnia
68%
1998 Jeremy Theobald Following
56%
No matching quizzes found
Score Distribution
Percent of People with Each Score
Percentile by Number Answered
Your Score History
You have not taken this quiz since the last reset